<?xml version="1.0" encoding="UTF-8"?><?xml-stylesheet type="text/xsl" href="static/style.xsl"?><OAI-PMH xmlns="http://www.openarchives.org/OAI/2.0/" xmlns:xsi="http://www.w3.org/2001/XMLSchema-instance" xsi:schemaLocation="http://www.openarchives.org/OAI/2.0/ http://www.openarchives.org/OAI/2.0/OAI-PMH.xsd"><responseDate>2026-04-17T03:51:55Z</responseDate><request verb="GetRecord" identifier="oai:www.recercat.cat:2117/334758" metadataPrefix="marc">https://recercat.cat/oai/request</request><GetRecord><record><header><identifier>oai:recercat.cat:2117/334758</identifier><datestamp>2026-01-30T01:56:35Z</datestamp><setSpec>com_2072_1033</setSpec><setSpec>col_2072_452950</setSpec></header><metadata><record xmlns="http://www.loc.gov/MARC21/slim" xmlns:dcterms="http://purl.org/dc/terms/" xmlns:xsi="http://www.w3.org/2001/XMLSchema-instance" xmlns:doc="http://www.lyncode.com/xoai" xsi:schemaLocation="http://www.loc.gov/MARC21/slim http://www.loc.gov/standards/marcxml/schema/MARC21slim.xsd">
   <leader>00925njm 22002777a 4500</leader>
   <datafield ind2=" " ind1=" " tag="042">
      <subfield code="a">dc</subfield>
   </datafield>
   <datafield ind2=" " ind1=" " tag="720">
      <subfield code="a">Tiana Alsina, Jordi</subfield>
      <subfield code="e">author</subfield>
   </datafield>
   <datafield ind2=" " ind1=" " tag="720">
      <subfield code="a">Garbin, Bruno</subfield>
      <subfield code="e">author</subfield>
   </datafield>
   <datafield ind2=" " ind1=" " tag="720">
      <subfield code="a">Barland, Stéphane</subfield>
      <subfield code="e">author</subfield>
   </datafield>
   <datafield ind2=" " ind1=" " tag="720">
      <subfield code="a">Masoller Alonso, Cristina</subfield>
      <subfield code="e">author</subfield>
   </datafield>
   <datafield ind2=" " ind1=" " tag="260">
      <subfield code="c">2020-08-01</subfield>
   </datafield>
   <datafield ind2=" " ind1=" " tag="520">
      <subfield code="a">We use statistical tools to characterize the response of an excitable system to periodic perturbations. The system is an optically injected semiconductor laser under pulsed perturbations of the phase of the injected field. We characterize the laser response by counting the number of pulses emitted by the laser, within a time interval, ¿T, that starts when a perturbation is applied. The success rate, SR(¿T), is then defined as the number of pulses emitted in the interval ¿T, relative to the number of perturbations. The analysis of the variation of SR with ¿T allows separating a constant lag of technical origin and a frequency-dependent lag of physical and dynamical origin. Once the lag is accounted for, the success rate clearly captures locked and unlocked regimes and the transitions between them. We anticipate that the success rate will be a practical tool for analyzing the output of periodically forced systems, particularly when very regular oscillations need to be generated via small periodic perturbations</subfield>
   </datafield>
   <datafield ind2=" " ind1=" " tag="520">
      <subfield code="a">The work of B.G. and S.B. was conducted within the framework of the project OPTIMAL granted by the European Union by means of the Fond Européen de développement regional, FEDER. C.M. and J.T.-A. acknowledge support from the Spanish Ministerio de Ciencia, Innovacion y Universidades (PGC2018-099443-B-I00 ). C.M. also acknowledges partial support from ICREA ACADEMIA, Generalitat de Catalunya and a visiting professor fellowship of CNRS (France). J.T. also acknowledges partial support from the European Commission through the European Fund of Regional Development (FEDER), Convocatoria Excellencia KTT-UPC 2019 (Spain).</subfield>
   </datafield>
   <datafield ind2=" " ind1=" " tag="520">
      <subfield code="a">Peer Reviewed</subfield>
   </datafield>
   <datafield ind2=" " ind1=" " tag="520">
      <subfield code="a">Postprint (author's final draft)</subfield>
   </datafield>
   <datafield tag="653" ind2=" " ind1=" ">
      <subfield code="a">Àrees temàtiques de la UPC::Física</subfield>
   </datafield>
   <datafield tag="653" ind2=" " ind1=" ">
      <subfield code="a">Lasers</subfield>
   </datafield>
   <datafield tag="653" ind2=" " ind1=" ">
      <subfield code="a">Systems biology</subfield>
   </datafield>
   <datafield tag="653" ind2=" " ind1=" ">
      <subfield code="a">Làsers</subfield>
   </datafield>
   <datafield tag="653" ind2=" " ind1=" ">
      <subfield code="a">Biologia de sistemes</subfield>
   </datafield>
   <datafield ind2="0" ind1="0" tag="245">
      <subfield code="a">Success rate analysis of the response of an excitable laser to periodic perturbations</subfield>
   </datafield>
</record></metadata></record></GetRecord></OAI-PMH>